Η φανερή γοητεία και η κρυφή συγκίνηση του κινηματογράφου : δώδεκα σκηνοθέτες και το έργο τους

Saved in:
Bibliographic Details
Main Author: Ριβέλλης, Πλάτων, 1945-
Format: Book
Language:Greek
Published: Αθήνα : Φωτοχώρος, c2008.
Edition:2η έκδ., αναθεωρημένη και συμπληρωμένη με την προσθήκη 102 ταινιών.
Subjects:
Tags: Add Tag
No Tags, Be the first to tag this record!

MARC

LEADER 00000nam a2200000 a 4500
001 1/126409
008 230403s2008####gr | ||| |||| ||gre||
020 |a 9789607404596 
040 |a GR-MyUa  |b gre  |c GR-MyUa  |e AACR2 
041 0 |a gre 
082 7 |a 791.4302330922   |2 (23) 
100 1 |a Ριβέλλης, Πλάτων,   |d 1945- 
245 1 2 |a Η φανερή γοητεία και η κρυφή συγκίνηση του κινηματογράφου :   |b δώδεκα σκηνοθέτες και το έργο τους /   |c Πλάτων Ριβέλλης. 
250 |a 2η έκδ., αναθεωρημένη και συμπληρωμένη με την προσθήκη 102 ταινιών. 
260 |a Αθήνα :   |b Φωτοχώρος,   |c c2008. 
300 |a 711 σ. ;   |c 24 εκ. 
650 0 |a Motion picture producers and directors. 
650 0 |a Motion pictures. 
970 |a Κοντού  |b Παρασκευή  |z 03/04/2023